000 00503nam a2200193Ia 4500
001 22343
003 IN-NITTTR
005 20251114233252.0
008 251113s9999||||xx |||||||||||||| ||eng||
040 _beng
040 _cIN-NITTTR
041 _aeng
082 _a658.8 H968P
100 _aHusted, Stewart W.
245 0 _aPrinciples of modern marketing. /
_cHusted, Stewart W., Varble, Dale L., Lowry, James R.
700 _a Lowry, James R.
700 _a Varble, Dale L.
942 _2ddc
_cBK
999 _c24972
_d24972